The county as an administrative unit for social work, (Record no. 36111)
[ view plain ]
| 000 -LEADER | |
|---|---|
| fixed length control field | 00792cam a22002291 4500 |
| 001 - CONTROL NUMBER | |
| control field | l 33000125 |
| 003 - CONTROL NUMBER IDENTIFIER | |
| control field | DLC |
| 005 - DATE AND TIME OF LATEST TRANSACTION | |
| control field | 20260227111534.0 |
| 008 - FIXED-LENGTH DATA ELEMENTS--GENERAL INFORMATION | |
| fixed length control field | 820626s1933 dcu 000 0 eng |
| 010 ## - LIBRARY OF CONGRESS CONTROL NUMBER | |
| LC control number | l 33000125 |
| 035 ## - SYSTEM CONTROL NUMBER | |
| System control number | (OCoLC)14735371 |
| 040 ## - CATALOGING SOURCE | |
| Original cataloging agency | DLC |
| Transcribing agency | DNLM |
| Modifying agency | OCoLC |
| -- | DLC |
| 042 ## - AUTHENTICATION CODE | |
| Authentication code | premarc |
| 050 00 - LIBRARY OF CONGRESS CALL NUMBER | |
| Classification number | HV95 |
| Item number | .C6 |
| 060 0# - NATIONAL LIBRARY OF MEDICINE CALL NUMBER | |
| Classification number | W1 |
| Item number | UN6181 no.224 1933 |
| 100 1# - MAIN ENTRY--PERSONAL NAME | |
| Personal name | Colby, Mary Ruth, |
| Dates associated with a name | 1893- |
| 245 14 - TITLE STATEMENT | |
| Title | The county as an administrative unit for social work, |
| Statement of responsibility, etc. | by Mary Ruth Colby ... |
| 260 ## - PUBLICATION, DISTRIBUTION, ETC. | |
| Place of publication, distribution, etc. | Washington, |
| Name of publisher, distributor, etc. | U.S. Govt. print. off., |
| Date of publication, distribution, etc. | 1933. |
| 300 ## - PHYSICAL DESCRIPTION | |
| Extent | v, 48 p. |
| 410 10 - SERIES STATEMENT/ADDED ENTRY--CORPORATE NAME [OBSOLETE, CAN/MARC], [LOCAL, USA] | |
| Corporate name or jurisdiction name as entry element | United States. |
| Subordinate unit | Children's Bureau. |
| Title of a work | Publication |
| Volume number/sequential designation | no. 224 |
| 500 ## - GENERAL NOTE | |
| General note | At head of title: United States Dept. of labor, Frances Perkins, secretary. Children's bureau, Grace Abbott, chief. |
No items available.